Basic biomechanics

Đã lưu trong:
Bibliografiske detaljer
Hovedforfatter: Susan Jean Hall
Format: Bog
Sprog:Undetermined
Udgivet: Boston McGraw-Hill 1999
Fag:
Tags: Tilføj Tag
Ingen Tags, Vær først til at tagge denne postø!
Thư viện lưu trữ: Trung tâm Học liệu Trường Đại học Cần Thơ
LEADER 00456nam a2200169Ia 4500
001 CTU_48837
008 210402s9999 xx 000 0 und d
082 |a 612.76 
082 |b H179 
100 |a Susan Jean Hall 
245 0 |a Basic biomechanics 
245 0 |c Susan Jean Hall 
260 |a Boston 
260 |b McGraw-Hill 
260 |c 1999 
650 |a biomechanics - problems, exercises, etc. 
980 |a Trung tâm Học liệu Trường Đại học Cần Thơ